[Event "Uxbridge Major"]
[Site "Denham Grove"]
[Date "2010.03.19"]
[Round "1"]
[White "Watson, Darrell A"]
[Black "Jackson, Paul G"]
[Result "0-1"]
[WhiteElo "1623"]
[BlackElo "1861"]
[PlyCount "105"]
[EventDate "2010.03.19"]
[EventType "swiss"]
[EventRounds "5"]
[EventCountry "ENG"]

1. Nf3 e6 2. g3 f5 3. d3 Nf6 4. Bg2 Be7 5. Nc3 O-O 6. O-O d6 7. Re1 e5 8. e3
Nc6 9. Kh1 Kh8 10. b3 Qe8 11. Kg1 Be6 12. Ng5 Bg8 13. f4 Ng4 14. h3 Nh6 15. Bb2
Qg6 16. h4 Ng4 17. Nd5 Bd8 18. e4 h6 19. exf5 Qxf5 20. Be4 Qd7 21. f5 Nf6 22.
Nxf6 Bxf6 23. Qh5 d5 24. Ne6 dxe4 25. Nxf8 Rxf8 26. dxe4 Nd4 27. c3 Nb5 28.
Rad1 Qc6 29. Qf3 a5 30. Re3 a4 31. bxa4 Nd6 32. Bc1 Qxa4 33. Kh2 Bxa2 34. Kh3
Bb1 35. Rde1 Rd8 36. g4 Bxe4 37. Rxe4 Nxe4 38. Rxe4 Qd1 39. Qxd1 Rxd1 40. g5
Rxc1 41. gxf6 Rxc3+ 42. Kg4 gxf6 43. Kh5 Kg7 44. Rg4+ Kf7 45. Kxh6 b5 46. Rg7+
Kf8 47. Rg6 Rc6 48. h5 b4 49. Kh7 b3 50. Rg8+ Ke7 51. Rb8 Rb6 52. Rg8 b2 53.
Rg1 0-1

[Event "Uxbridge Major"]
[Site "Denham Grove"]
[Date "2010.03.20"]
[Round "2"]
[White "Boudkeev, Timour"]
[Black "Osiyemi, Lara"]
[Result "1/2-1/2"]
[WhiteElo "1813"]
[BlackElo "1962"]
[PlyCount "77"]
[EventDate "2010.03.19"]
[EventType "swiss"]
[EventRounds "5"]
[EventCountry "ENG"]

1. d4 Nf6 2. c4 g6 3. Nc3 d5 4. e3 Bg7 5. Nf3 O-O 6. Qb3 dxc4 7. Bxc4 e6 8. O-O
Nc6 9. Rd1 Qe7 10. Qc2 Na5 11. Be2 c5 12. Bd2 b6 13. Na4 cxd4 14. Nxd4 Bb7 15.
Bf3 Rac8 16. Nc3 Nc4 17. Bxb7 Qxb7 18. Be1 Ne5 19. Ndb5 Rc6 20. Rd6 a6 21. Rxc6
Qxc6 22. Nd4 Qc7 23. Rc1 Rc8 24. Qa4 Nd3 25. Rb1 Ng4 26. Nf3 Nde5 27. Nxe5 Nxe5
28. h3 Qb7 29. Ne4 Nc4 30. Nc3 b5 31. Qd1 Qc7 32. Qe2 Rd8 33. Rd1 Bf6 34. Rxd8+
Qxd8 35. b3 Ne5 36. Ne4 Bg7 37. Nc5 Qd6 38. b4 Nc4 39. Qd3 1/2-1/2

[Event "Uxbridge Major"]
[Site "Denham Grove"]
[Date "2010.03.20"]
[Round "2"]
[White "Colter, Nigel"]
[Black "Brady, David"]
[Result "1/2-1/2"]
[WhiteElo "1804"]
[BlackElo "1890"]
[PlyCount "39"]
[EventDate "2010.03.19"]
[EventType "swiss"]
[EventRounds "5"]
[EventCountry "ENG"]

1. d4 Nf6 2. Nf3 d5 3. Bf4 e6 4. e3 Bd6 5. Bd3 Bxf4 6. exf4 Qd6 7. Qc1 c5 8.
dxc5 Qxc5 9. O-O b6 10. c3 Ba6 11. Bxa6 Nxa6 12. f5 O-O 13. Nbd2 Qd6 14. Qd1
Rad8 15. Re1 Nc5 16. Qc2 Nce4 17. Rad1 Qf4 18. fxe6 fxe6 19. Re2 Qg4 20. Nxe4
1/2-1/2

[Event "Uxbridge Major"]
[Site "Denham Grove"]
[Date "2010.03.20"]
[Round "2"]
[White "Connor, Michael I"]
[Black "Booley, Graham M"]
[Result "1/2-1/2"]
[WhiteElo "1826"]
[BlackElo "1906"]
[PlyCount "34"]
[EventDate "2010.03.19"]
[EventType "swiss"]
[EventRounds "5"]
[EventCountry "ENG"]

1. d4 d5 2. c4 e6 3. g3 Nf6 4. Bg2 c5 5. cxd5 exd5 6. Nf3 Nc6 7. O-O h6 8. Nc3
cxd4 9. Nxd4 Be7 10. b3 O-O 11. Bb2 Bc5 12. e3 Re8 13. Re1 Nxd4 14. exd4 Rxe1+
15. Qxe1 Bxd4 16. Rd1 Bxc3 17. Bxc3 Be6 1/2-1/2

[Event "Uxbridge Major"]
[Site "Denham Grove"]
[Date "2010.03.20"]
[Round "2"]
[White "Dias, Theodore"]
[Black "Rahman, K Azizur"]
[Result "0-1"]
[WhiteElo "1765"]
[BlackElo "1970"]
[PlyCount "104"]
[EventDate "2010.03.19"]
[EventType "swiss"]
[EventRounds "5"]
[EventCountry "ENG"]

1. e4 e6 2. d4 d5 3. Nc3 Nf6 4. Bg5 Be7 5. e5 Nfd7 6. h4 O-O 7. Bd3 f5 8. exf6
Nxf6 9. Nf3 c5 10. Be3 cxd4 11. Bxd4 Nbd7 12. Ng5 Bb4 13. a3 Bxc3+ 14. Bxc3 Re8
15. Qd2 e5 16. O-O-O Nb6 17. Rhe1 Qc7 18. Qe2 e4 19. f3 Bf5 20. fxe4 Bg4 21.
Qf2 Bxd1 22. Bxf6 Bg4 23. Bc3 h6 24. Nf3 Rad8 25. e5 Nc4 26. Qd4 Be6 27. g4 Rf8
28. Rf1 a5 29. g5 h5 30. Bg6 Bg4 31. e6 Bxe6 32. Bxh5 Rf4 33. Qd3 Bf5 34. Qe2
g6 35. Nd4 gxh5 36. Nxf5 Rxf1+ 37. Qxf1 Nd6 38. Qf3 Nf7 39. Qxh5 Qf4+ 40. Kb1
Qxf5 41. Bf6 Re8 42. Qd1 Qe4 43. Ka2 Rc8 44. Bc3 d4 45. Bxa5 Rxc2 46. Qh5 Qf5
47. Qd1 d3 48. Bc3 Nd6 49. Qh5 Rxc3 50. bxc3 d2 51. Qd1 Qd5+ 52. Kb1 Qd3+ 0-1

[Event "Uxbridge Major"]
[Site "Denham Grove"]
[Date "2010.03.20"]
[Round "2"]
[White "Du Plessis, Jacques"]
[Black "Liu, Tomin"]
[Result "1/2-1/2"]
[WhiteElo "1650"]
[BlackElo "1818"]
[PlyCount "60"]
[EventDate "2010.03.19"]
[EventType "swiss"]
[EventRounds "5"]
[EventCountry "ENG"]

1. c4 c6 2. g3 Nf6 3. Bg2 d5 4. Nf3 Bf5 5. Qb3 Qb6 6. d3 e6 7. Be3 Qxb3 8. axb3
a6 9. O-O Bd6 10. Nc3 Nbd7 11. Na4 O-O 12. h3 h6 13. Nb6 Nxb6 14. Bxb6 Nd7 15.
Be3 Rfe8 16. d4 Rad8 17. Rfe1 Be4 18. Bd2 Bc2 19. c5 Bc7 20. Ra3 e5 21. Rc1 Bh7
22. Ba5 Bxa5 23. Rxa5 exd4 24. Nxd4 Nf6 25. Ra4 Ne4 26. Bxe4 Bxe4 27. e3 Rd7
28. Rd1 Bg6 29. Rb4 Re4 30. Kg2 Bh5 1/2-1/2

[Event "Uxbridge Major"]
[Site "Denham Grove"]
[Date "2010.03.20"]
[Round "2"]
[White "Farthing, Andrew"]
[Black "Silverman, Michael J"]
[Result "1/2-1/2"]
[WhiteElo "1818"]
[BlackElo "1690"]
[PlyCount "61"]
[EventDate "2010.03.19"]
[EventType "swiss"]
[EventRounds "5"]
[EventCountry "ENG"]

1. Nc3 Nf6 2. e4 e5 3. Bc4 c6 4. d3 d5 5. exd5 cxd5 6. Bb3 Bg4 7. Nge2 Be7 8.
O-O O-O 9. h3 Bh5 10. Qe1 d4 11. Ne4 Nxe4 12. dxe4 Kh8 13. g4 Bg6 14. Ng3 Bg5
15. Kg2 Nc6 16. Bd2 Bxd2 17. Qxd2 Rc8 18. Rh1 f6 19. h4 Na5 20. h5 Bf7 21. Nf5
Nc4 22. Qb4 a5 23. Qxb7 Qc7 24. Qxc7 Rxc7 25. Bxc4 Rxc4 26. Rhc1 g6 27. Nd6 Rc6
28. Nxf7+ Rxf7 29. hxg6 hxg6 30. Rh1+ Rh7 31. Rxh7+ 1/2-1/2

[Event "Uxbridge Major"]
[Site "Denham Grove"]
[Date "2010.03.20"]
[Round "2"]
[White "Gill, Gursharanjit S"]
[Black "Anderson, Thomas R"]
[Result "1/2-1/2"]
[WhiteElo "1522"]
[BlackElo "1930"]
[PlyCount "32"]
[EventDate "2010.03.19"]
[EventType "swiss"]
[EventRounds "5"]
[EventCountry "ENG"]

1. e4 e6 2. d4 d5 3. exd5 exd5 4. Nf3 Bd6 5. Nc3 c6 6. Bg5 f6 7. Bd2 Ne7 8. Nh4
Be6 9. Bd3 Nd7 10. Qf3 Nf8 11. Nf5 Nxf5 12. Bxf5 Qd7 13. Bxe6 Nxe6 14. Ne2
O-O-O 15. c3 Rde8 16. O-O-O Kb8 1/2-1/2

[Event "Uxbridge Major"]
[Site "Denham Grove"]
[Date "2010.03.20"]
[Round "2"]
[White "Jackson, Paul G"]
[Black "Savage, Nicholas W"]
[Result "0-1"]
[WhiteElo "1861"]
[BlackElo "1996"]
[PlyCount "120"]
[EventDate "2010.03.19"]
[EventType "swiss"]
[EventRounds "5"]
[EventCountry "ENG"]

1. d4 Nf6 2. c4 g6 3. f3 d5 4. cxd5 Nxd5 5. e4 Nb6 6. Nc3 Bg7 7. Be3 O-O 8. Qd2
Nc6 9. O-O-O f5 10. e5 Nb4 11. h4 Be6 12. Kb1 a5 13. h5 N6d5 14. Nge2 gxh5 15.
Bh6 Qe8 16. Bxg7 Kxg7 17. Nxd5 Nxd5 18. Ng3 Kh8 19. Nxh5 f4 20. Bd3 Bf5 21. Rh4
Qg6 22. Ka1 Bxd3 23. Qxd3 Qxd3 24. Rxd3 Ra6 25. g4 fxg3 26. Nxg3 Rg6 27. Ne2
Rg2 28. Nc3 Nb4 29. Rd1 Rxf3 30. Rdh1 Rf7 31. a3 Nd3 32. Nd1 Nf2 33. Nxf2 Rgxf2
34. a4 R2f4 35. Ka2 Rxh4 36. Rxh4 Kg7 37. Kb3 Kg6 38. Kc4 Kg5 39. Rh1 h5 40.
Kb5 b6 41. e6 Rf2 42. Kc6 Kf6 43. Kd7 Rf5 44. Re1 c5 45. dxc5 bxc5 46. Rc1 Rd5+
47. Kc6 Kxe6 48. Re1+ Re5 49. Rh1 c4 50. Rh4 Re2 51. Rxh5 Rxb2 52. Rxa5 Ra2 53.
Ra8 c3 54. Kb5 Rb2+ 55. Ka6 c2 56. Rc8 Ke5 57. a5 Ke4 58. Ka7 Kd3 59. a6 Rb1
60. Rd8+ Ke4 0-1

[Event "Uxbridge Major"]
[Site "Denham Grove"]
[Date "2010.03.20"]
[Round "2"]
[White "Jenkins, Graeme"]
[Black "Adcock, Jamie"]
[Result "1/2-1/2"]
[WhiteElo "1930"]
[BlackElo "1858"]
[PlyCount "68"]
[EventDate "2010.03.19"]
[EventType "swiss"]
[EventRounds "5"]
[EventCountry "ENG"]

1. e4 e6 2. d4 d5 3. e5 c5 4. c3 Nc6 5. Nf3 Bd7 6. a3 f6 7. Bd3 cxd4 8. cxd4
Qb6 9. b4 Rc8 10. O-O Be7 11. Be3 f5 12. Re1 h6 13. Nbd2 g5 14. Nb3 Nd8 15. Nc5
Bxc5 16. dxc5 Qc7 17. b5 Ne7 18. Bd4 Nf7 19. Nd2 h5 20. Nb3 h4 21. Rc1 g4 22.
a4 Ng5 23. Be2 h3 24. g3 Rg8 25. f4 gxf3 26. Bxf3 Nxf3+ 27. Qxf3 Rg4 28. Qf1 a6
29. b6 Qd8 30. Ra1 Nc6 31. Bc3 Qh4 32. Bd2 Ke7 33. Kh1 Qh5 34. Bf4 Rcg8 1/2-1/2

[Event "Uxbridge Major"]
[Site "Denham Grove"]
[Date "2010.03.20"]
[Round "2"]
[White "Jones, Steve"]
[Black "Dean, Michael"]
[Result "0-1"]
[WhiteElo "1830"]
[BlackElo "1691"]
[PlyCount "94"]
[EventDate "2010.03.19"]
[EventType "swiss"]
[EventRounds "5"]
[EventCountry "ENG"]

1. d4 Nf6 2. Nf3 g6 3. e3 Bg7 4. c4 O-O 5. Nc3 d6 6. Bd3 e5 7. dxe5 dxe5 8.
Nxe5 Nh5 9. Nf3 f5 10. Qc2 Nc6 11. a3 Ne5 12. Nxe5 Bxe5 13. Be2 Qh4 14. Bd2 Bd7
15. O-O-O Bc6 16. Nd5 Bxd5 17. cxd5 Nf6 18. f4 Bd6 19. g3 Qh6 20. Bf3 Qg7 21.
Bc3 Qe7 22. Rhe1 Rad8 23. h3 Ne4 24. Bxe4 Qxe4 25. Qf2 Qc4 26. Kb1 Bxa3 27. g4
Qe4+ 28. Ka1 Bc5 29. Bd4 Bb4 30. Rg1 Qxd5 31. Qh4 Rd6 32. Rd3 Ra6+ 33. Kb1 Qa2+
34. Kc2 Rc6+ 35. Bc3 Bxc3 36. Rxc3 Qa4+ 37. Kd2 Rd6+ 38. Ke2 Qb5+ 39. Kf3 Rfd8
40. gxf5 Qxf5 41. Rg5 Qb1 42. Rg2 Qd1+ 43. Kg3 Qe1+ 44. Rf2 Qg1+ 45. Kf3 Qh1+
46. Rg2 Rd2 47. Qg3 Qd1+ 0-1

[Event "Uxbridge Major"]
[Site "Denham Grove"]
[Date "2010.03.20"]
[Round "2"]
[White "Kane, Robert"]
[Black "O'Gorman, Brendan"]
[Result "1/2-1/2"]
[WhiteElo "1885"]
[BlackElo "1830"]
[PlyCount "36"]
[EventDate "2010.03.19"]
[EventType "swiss"]
[EventRounds "5"]
[EventCountry "ENG"]

1. d4 d5 2. c4 c6 3. cxd5 cxd5 4. Nc3 Nf6 5. Nf3 Nc6 6. Bf4 Bf5 7. e3 e6 8. Bb5
Nd7 9. Qa4 Rc8 10. O-O a6 11. Bxc6 Rxc6 12. Rac1 Be7 13. Ne2 Bd3 14. Rxc6 bxc6
15. Qd1 Bxe2 16. Qxe2 Qb6 17. Rc1 O-O 18. h4 c5 1/2-1/2

[Event "Uxbridge Major"]
[Site "Denham Grove"]
[Date "2010.03.20"]
[Round "2"]
[White "Lawrence, David J"]
[Black "Watson, Darrell A"]
[Result "1-0"]
[WhiteElo "1722"]
[BlackElo "1623"]
[PlyCount "83"]
[EventDate "2010.03.19"]
[EventType "swiss"]
[EventRounds "5"]
[EventCountry "ENG"]

1. d4 Nf6 2. c4 g6 3. Nc3 Bg7 4. Nf3 d6 5. Bg5 h6 6. Bh4 g5 7. Bg3 Nh5 8. e3
Nxg3 9. hxg3 Bg4 10. Qc2 c6 11. Bd3 Qa5 12. Nd2 Na6 13. Be2 Bxe2 14. Nxe2 O-O-O
15. O-O Rdf8 16. a3 Kb8 17. b4 Qd8 18. Rab1 Qd7 19. b5 cxb5 20. cxb5 Rc8 21.
Qb3 Nc7 22. Rfc1 Na8 23. Qxf7 Bf6 24. Qb3 h5 25. Rxc8+ Rxc8 26. Ne4 h4 27. Nxf6
exf6 28. gxh4 gxh4 29. Nf4 Qf5 30. Rd1 Nb6 31. Qe6 Qxe6 32. Nxe6 Rc3 33. Ra1
Nc4 34. a4 Nd2 35. Ng7 Kc7 36. Ne8+ Kb6 37. Nxd6 h3 38. gxh3 Nf3+ 39. Kg2 Nh4+
40. Kg3 Ng6 41. Ne4 Ka5 42. Nxf6 1-0

[Event "Uxbridge Major"]
[Site "Denham Grove"]
[Date "2010.03.20"]
[Round "2"]
[White "Ociepka, Dominika"]
[Black "Clayton, Tristan"]
[Result "0-1"]
[WhiteElo "1401"]
[BlackElo "1751"]
[PlyCount "44"]
[EventDate "2010.03.19"]
[EventType "swiss"]
[EventRounds "5"]
[EventCountry "ENG"]

1. e4 c6 2. d4 d5 3. exd5 cxd5 4. Bd3 Nf6 5. Bf4 g6 6. c3 Nc6 7. Nf3 Bg7 8.
Nbd2 O-O 9. O-O Nh5 10. Be5 Nxe5 11. Nxe5 Nf4 12. Bc2 f6 13. Nef3 e5 14. dxe5
fxe5 15. Re1 e4 16. Nd4 Qg5 17. g3 Nh3+ 18. Kg2 Rxf2+ 19. Kh1 Rxd2 20. Qc1 Bg4
21. Bd1 Nf2+ 22. Kg1 Bxd1 0-1

[Event "Uxbridge Major"]
[Site "Denham Grove"]
[Date "2010.03.20"]
[Round "2"]
[White "Pataki, Zemplen"]
[Black "Healeas, Simon"]
[Result "1-0"]
[WhiteElo "1749"]
[BlackElo "1850"]
[PlyCount "89"]
[EventDate "2010.03.19"]
[EventType "swiss"]
[EventRounds "5"]
[EventCountry "ENG"]

1. e4 e5 2. Nf3 Nf6 3. Nxe5 d6 4. Nf3 Nxe4 5. Nc3 d5 6. Qe2 Be7 7. Nxe4 dxe4 8.
Qxe4 Nd7 9. c3 O-O 10. Bc4 Re8 11. O-O Nf6 12. Qc2 Bd6 13. d4 c6 14. Ng5 Rf8
15. Re1 b5 16. Bd3 h6 17. Nf3 Be6 18. Bd2 Rb8 19. Ne5 Qc7 20. h3 c5 21. Nf3 c4
22. Bf1 Qd7 23. Ne5 Qc8 24. a4 b4 25. a5 b3 26. Qd1 Rb5 27. f4 Qc7 28. Qf3 Bd5
29. Qe2 Ne4 30. Nxc4 Bxc4 31. Qxc4 Nxd2 32. Qxc7 Bxc7 33. Bxb5 Bxf4 34. Re2 f5
35. g3 Bg5 36. h4 Bxh4 37. gxh4 Nf3+ 38. Kf2 Nxh4 39. Re8 g5 40. Rae1 f4 41.
Bc4+ Kg7 42. R1e7+ Kf6 43. Re6+ Kf7 44. R8e7+ Kg8 45. Rxh6+ 1-0

[Event "Uxbridge Major"]
[Site "Denham Grove"]
[Date "2010.03.20"]
[Round "2"]
[White "Staples, Daniel J"]
[Black "Corcoran, Gary"]
[Result "1/2-1/2"]
[WhiteElo "1954"]
[BlackElo "1866"]
[PlyCount "125"]
[EventDate "2010.03.19"]
[EventType "swiss"]
[EventRounds "5"]
[EventCountry "ENG"]

1. e4 c5 2. Nf3 d6 3. Bb5+ Bd7 4. Bxd7+ Qxd7 5. O-O Nc6 6. c3 Nf6 7. Re1 e5 8.
d4 Qc7 9. Qa4 Nd7 10. d5 Ne7 11. Bg5 f6 12. Bd2 b5 13. Qd1 g6 14. a4 Rb8 15.
axb5 Rxb5 16. b4 cxb4 17. cxb4 Bg7 18. Qa4 Rb7 19. Rc1 Qb8 20. Ne1 O-O 21. Na3
f5 22. f3 Nf6 23. Rc4 Rc8 24. Rac1 Rbc7 25. Rxc7 Rxc7 26. Rxc7 Qxc7 27. Nd3
fxe4 28. fxe4 Qb6+ 29. Nf2 Qd4 30. Be1 Nxe4 31. Nc2 Qxd5 32. Qxa7 Nf5 33. b5
Nc5 34. Nb4 Qc4 35. b6 Ne3 36. Qa2 Qxa2 37. Nxa2 Nd5 38. Ne4 Nxb6 39. Nxd6 Nd3
40. Bd2 Bf8 41. Ne4 Nc4 42. Bg5 Kf7 43. Nac3 Ke6 44. Kf1 Be7 45. Ke2 Nb4 46.
Bc1 Kf5 47. Ng3+ Ke6 48. Nge4 Nd5 49. Kd3 Nxc3 50. Kxc3 Nd6 51. Kd3 Nf7 52. Bd2
h5 53. h3 h4 54. Ke2 Kf5 55. Kf3 Nd6 56. g4+ hxg3 57. Nxg3+ Ke6 58. Ne4 Kd5 59.
Nc3+ Kd4 60. Nd1 Kd3 61. Bb4 e4+ 62. Kf4 g5+ 63. Kg4 1/2-1/2

[Event "Uxbridge Major"]
[Site "Denham Grove"]
[Date "2010.03.20"]
[Round "2"]
[White "Summerscale, Claire E"]
[Black "Fisher, Robert"]
[Result "1-0"]
[WhiteElo "1998"]
[BlackElo "1818"]
[PlyCount "53"]
[EventDate "2010.03.19"]
[EventType "swiss"]
[EventRounds "5"]
[EventCountry "ENG"]

1. d4 Nf6 2. Nc3 g6 3. e4 d6 4. Bg5 Bg7 5. Nf3 Nc6 6. Qd2 e5 7. dxe5 dxe5 8.
Qxd8+ Nxd8 9. Bxf6 Bxf6 10. Nd5 Be7 11. Nxc7+ Kd7 12. Nxa8 f6 13. Bb5+ Nc6 14.
O-O-O+ Bd6 15. Rd2 Ke7 16. Rhd1 Bb8 17. Bxc6 bxc6 18. Ne1 f5 19. exf5 Bxf5 20.
g3 e4 21. Ng2 Be6 22. c4 c5 23. Ne3 Be5 24. Nd5+ Kd7 25. Nf4+ Ke7 26. Nxe6 Kxe6
27. Rd8 1-0

[Event "Uxbridge Major"]
[Site "Denham Grove"]
[Date "2010.03.20"]
[Round "3"]
[White "Adcock, Jamie"]
[Black "Staples, Daniel J"]
[Result "1-0"]
[WhiteElo "1858"]
[BlackElo "1954"]
[PlyCount "81"]
[EventDate "2010.03.19"]
[EventType "swiss"]
[EventRounds "5"]
[EventCountry "ENG"]

1. d4 d6 2. c4 e5 3. Nc3 exd4 4. Qxd4 Nc6 5. Qd2 Nf6 6. b3 g6 7. Bb2 Bg7 8. e4
O-O 9. Bd3 Nd7 10. Nge2 Nc5 11. O-O a5 12. Rad1 a4 13. Nxa4 Nxa4 14. Bxg7 Kxg7
15. bxa4 Rxa4 16. Nc3 Ra5 17. Nd5 f6 18. f4 b6 19. Rc1 Rc5 20. Rf3 Ne7 21. Re3
Nc6 22. Rg3 Ne7 23. h4 Nxd5 24. cxd5 Rxc1+ 25. Qxc1 f5 26. Qc3+ Kg8 27. h5 fxe4
28. hxg6 Qf6 29. gxh7+ Kh8 30. Bxe4 Qxc3 31. Rxc3 Rxf4 32. Rxc7 Bf5 33. Bf3 Ra4
34. Rc6 b5 35. Rxd6 Rxa2 36. Rb6 Rb2 37. Rb7 Bxh7 38. d6 Rd2 39. d7 Bg8 40. Bg4
Be6 41. Bxe6 1-0

[Event "Uxbridge Major"]
[Site "Denham Grove"]
[Date "2010.03.20"]
[Round "3"]
[White "Anderson, Thomas R"]
[Black "Lawrence, David J"]
[Result "1/2-1/2"]
[WhiteElo "1930"]
[BlackElo "1722"]
[PlyCount "38"]
[EventDate "2010.03.19"]
[EventType "swiss"]
[EventRounds "5"]
[EventCountry "ENG"]

1. d4 e6 2. c4 Nf6 3. Nf3 d5 4. Bg5 Be7 5. Nc3 O-O 6. e3 h6 7. Bxf6 Bxf6 8. Qb3
c6 9. h4 Nd7 10. g4 g6 11. g5 hxg5 12. hxg5 Bxg5 13. Nxg5 Qxg5 14. O-O-O Kg7
15. f4 Qe7 16. Qc2 Rh8 17. Rxh8 Kxh8 18. Qh2+ Kg8 19. cxd5 exd5 1/2-1/2

[Event "Uxbridge Major"]
[Site "Denham Grove"]
[Date "2010.03.20"]
[Round "3"]
[White "Booley, Graham M"]
[Black "Colter, Nigel"]
[Result "1/2-1/2"]
[WhiteElo "1906"]
[BlackElo "1804"]
[PlyCount "78"]
[EventDate "2010.03.19"]
[EventType "swiss"]
[EventRounds "5"]
[EventCountry "ENG"]

1. e4 c6 2. d4 d5 3. exd5 cxd5 4. Bd3 Nc6 5. c3 Qc7 6. f4 Nh6 7. Nf3 Bf5 8. Ne5
Bxd3 9. Qxd3 f6 10. Nf3 O-O-O 11. O-O e6 12. Na3 Bxa3 13. bxa3 Na5 14. Nd2 Nf5
15. Rb1 Rd6 16. Nb3 Nxb3 17. Rxb3 Rc6 18. Bd2 Nd6 19. Re1 Ne4 20. Reb1 b6 21.
a4 Kb7 22. a5 Rc8 23. Rc1 Rc4 24. axb6 axb6 25. g3 Ra8 26. Rcb1 Ra6 27. Be1
Rca4 28. R1b2 Rxa2 29. Qb1 Rxb2 30. Qxb2 Qc6 31. Ra3 Rxa3 32. Qxa3 Qc7 33. Qb4
Nd6 34. Bd2 Nc4 35. Bc1 Qd6 36. Qb5 Qc6 37. Qb4 Qd6 38. Qb5 Qc6 39. Qb4 Qd6
1/2-1/2

[Event "Uxbridge Major"]
[Site "Denham Grove"]
[Date "2010.03.20"]
[Round "3"]
[White "Brady, David"]
[Black "Pataki, Zemplen"]
[Result "1-0"]
[WhiteElo "1890"]
[BlackElo "1749"]
[PlyCount "61"]
[EventDate "2010.03.19"]
[EventType "swiss"]
[EventRounds "5"]
[EventCountry "ENG"]

1. d4 Nf6 2. Nf3 e6 3. Nbd2 b6 4. e4 Bb7 5. Bd3 Be7 6. O-O O-O 7. Re1 d6 8. Nf1
Nbd7 9. Ng3 c5 10. c3 Qc7 11. Bd2 Rfd8 12. Rc1 Rac8 13. Qe2 c4 14. Bb1 b5 15.
h3 Nb6 16. Nh2 Bf8 17. Bg5 Be7 18. Qc2 e5 19. Nf5 h6 20. Bh4 Kh8 21. Qd2 Ng8
22. Bxe7 Nxe7 23. Nxh6 gxh6 24. Qxh6+ Kg8 25. Ng4 Nd7 26. Re3 Qb6 27. Rg3 Ng6
28. d5 Re8 29. h4 Qd8 30. h5 Ndf8 31. Rf3 1-0

[Event "Uxbridge Major"]
[Site "Denham Grove"]
[Date "2010.03.20"]
[Round "3"]
[White "Clayton, Tristan"]
[Black "Greatorex, Roger"]
[Result "0-1"]
[WhiteElo "1751"]
[BlackElo "1954"]
[PlyCount "38"]
[EventDate "2010.03.19"]
[EventType "swiss"]
[EventRounds "5"]
[EventCountry "ENG"]

1. e4 e6 2. d4 d5 3. Nc3 Nf6 4. e5 Nfd7 5. Be3 c5 6. Nf3 Nc6 7. dxc5 Ndxe5 8.
Nd4 Nxd4 9. Qxd4 Nc6 10. Bb5 Bd7 11. Bxc6 bxc6 12. b4 Be7 13. f4 O-O 14. O-O f6
15. Bd2 Qc7 16. Rae1 Rae8 17. Nd1 e5 18. fxe5 fxe5 19. Qxe5 Bxc5+ 0-1

[Event "Uxbridge Major"]
[Site "Denham Grove"]
[Date "2010.03.20"]
[Round "3"]
[White "Dean, Michael"]
[Black "Jackson, Paul G"]
[Result "0-1"]
[WhiteElo "1691"]
[BlackElo "1861"]
[PlyCount "126"]
[EventDate "2010.03.19"]
[EventType "swiss"]
[EventRounds "5"]
[EventCountry "ENG"]

1. e4 e6 2. Nf3 d5 3. Nc3 dxe4 4. Nxe4 Bd7 5. Bc4 Bc6 6. Ng3 Nd7 7. d4 Ngf6 8.
O-O Be7 9. Qd3 Bxf3 10. Qxf3 c6 11. c3 O-O 12. Be3 a5 13. Bb3 a4 14. Bc2 a3 15.
b3 Re8 16. Ne4 Nf8 17. Nxf6+ Bxf6 18. Qh3 g6 19. Bh6 Qc7 20. f4 Rad8 21. Be4 c5
22. Bg5 Bxg5 23. fxg5 cxd4 24. c4 Rd7 25. Qf3 Red8 26. Rad1 b6 27. Rd3 Qc5 28.
h4 Qe7 29. Bc6 Rc7 30. Rfd1 e5 31. Be4 Ne6 32. g3 Nc5 33. R3d2 Nxe4 34. Qxe4
Qe6 35. g4 Re8 36. Rd3 Qc6 37. Qxc6 Rxc6 38. Re1 Rce6 39. Red1 f6 40. gxf6 Rxf6
41. Kg2 Ref8 42. R1d2 Rf4 43. Kg3 Re4 44. b4 Rff4 45. Rxa3 Rxg4+ 46. Kf3 Ref4+
47. Ke2 Rg2+ 48. Kd1 Rxd2+ 49. Kxd2 e4 50. c5 bxc5 51. bxc5 Rf5 52. c6 Rc5 53.
Ra8+ Kf7 54. Ra7+ Ke6 55. Ra6 Kd5 56. Ra7 Rxc6 57. Rxh7 e3+ 58. Kd1 Ke4 59.
Re7+ Kd3 60. a4 Ra6 61. Rg7 Rxa4 62. Rc7 Ra1+ 63. Rc1 e2+ 0-1

[Event "Uxbridge Major"]
[Site "Denham Grove"]
[Date "2010.03.20"]
[Round "3"]
[White "Fisher, Robert"]
[Black "Dias, Theodore"]
[Result "1-0"]
[WhiteElo "1818"]
[BlackElo "1765"]
[PlyCount "59"]
[EventDate "2010.03.19"]
[EventType "swiss"]
[EventRounds "5"]
[EventCountry "ENG"]

1. d4 Nf6 2. c4 c5 3. d5 b5 4. cxb5 a6 5. f3 d6 6. e4 axb5 7. Bxb5+ Bd7 8. Bc4
g6 9. Bd2 Qb6 10. Bc3 Bg7 11. Nd2 O-O 12. Ne2 Bb5 13. Qb3 Nbd7 14. Qxb5 Qc7 15.
Qb3 Rfb8 16. Qc2 Nb6 17. b3 Nfd7 18. Bxg7 Kxg7 19. O-O Ne5 20. Qc3 Kg8 21. f4
Nexc4 22. Nxc4 Nxc4 23. Qxc4 Rb4 24. Qc2 c4 25. bxc4 Rxc4 26. Qd3 Raa4 27. Rac1
Rxc1 28. Rxc1 Qa5 29. Rc8+ Kg7 30. Qc3+ 1-0

[Event "Uxbridge Major"]
[Site "Denham Grove"]
[Date "2010.03.20"]
[Round "3"]
[White "Healeas, Simon"]
[Black "Banda, Graham"]
[Result "1-0"]
[WhiteElo "1850"]
[BlackElo "1690"]
[PlyCount "47"]
[EventDate "2010.03.19"]
[EventType "swiss"]
[EventRounds "5"]
[EventCountry "ENG"]

1. d4 Nf6 2. c4 c6 3. Nf3 d5 4. e3 Bg4 5. Be2 e6 6. O-O dxc4 7. Bxc4 Bd6 8. Nc3
Nbd7 9. h3 Bh5 10. Be2 Qc7 11. e4 Bf4 12. e5 Bxc1 13. Rxc1 Nd5 14. Nb5 Qb6 15.
Nd6+ Ke7 16. Qd2 f6 17. Rfe1 Bxf3 18. Bxf3 Nc7 19. a4 Raf8 20. a5 Qa6 21. Be2
Nb5 22. Nxb5 cxb5 23. Qb4+ Nc5 24. Bxb5 1-0

[Event "Uxbridge Major"]
[Site "Denham Grove"]
[Date "2010.03.20"]
[Round "3"]
[White "Jeffries, Majid"]
[Black "Corcoran, Gary"]
[Result "1-0"]
[WhiteElo "1995"]
[BlackElo "1866"]
[PlyCount "87"]
[EventDate "2010.03.19"]
[EventType "swiss"]
[EventRounds "5"]
[EventCountry "ENG"]

1. f4 d5 2. Nf3 g6 3. d4 Bg7 4. e3 Nf6 5. c4 c5 6. Nc3 cxd4 7. exd4 dxc4 8.
Bxc4 O-O 9. O-O Nbd7 10. Ne5 Nb6 11. Bb3 Nbd5 12. Qf3 Nc7 13. Be3 Nce8 14. h3
Nd6 15. Rad1 Bf5 16. g4 Bd7 17. Rf2 Kh8 18. Rg2 Ng8 19. Ne4 Nxe4 20. Qxe4 Bc6
21. Nxc6 bxc6 22. Qxc6 Rc8 23. Qf3 Qd6 24. Rgd2 Nf6 25. Rd3 Rcd8 26. d5 Rd7 27.
Ba4 Rb7 28. Rb3 Rxb3 29. Bxb3 Qb4 30. Bxa7 Ne4 31. Qe3 Rc8 32. Bd4 Bxd4 33.
Qxd4+ Qxd4+ 34. Rxd4 Rc1+ 35. Kg2 f5 36. Rc4 Re1 37. Rc2 Re3 38. g5 Rg3+ 39.
Kh2 Rf3 40. Rc8+ Kg7 41. d6 Rxb3 42. axb3 exd6 43. b4 Kf7 44. b5 1-0

[Event "Uxbridge Major"]
[Site "Denham Grove"]
[Date "2010.03.20"]
[Round "3"]
[White "Liu, Tomin"]
[Black "Price, Michael C"]
[Result "1-0"]
[WhiteElo "1818"]
[BlackElo "1906"]
[PlyCount "99"]
[EventDate "2010.03.19"]
[EventType "swiss"]
[EventRounds "5"]
[EventCountry "ENG"]

1. d4 d5 2. c4 c6 3. Nc3 a6 4. cxd5 cxd5 5. Nf3 Nc6 6. e3 Nf6 7. Bd3 e6 8. a3
Bd6 9. O-O O-O 10. b4 b5 11. Bb2 Bb7 12. Rc1 Rc8 13. Re1 Bb8 14. Bb1 e5 15.
dxe5 Nxe5 16. Nxe5 Bxe5 17. Qd2 Rc4 18. Ne2 Bxh2+ 19. Kxh2 Ng4+ 20. Kg3 Nxe3
21. fxe3 Qh4+ 22. Kf3 Re8 23. Nd4 h5 24. Rh1 Qg4+ 25. Kf2 h4 26. Rh3 Rec8 27.
Rch1 g5 28. Qd3 Qh5 29. Nf5 R8c7 30. Nd6 g4 31. Nxc4 gxh3 32. Rxh3 bxc4 33. Qd4
f6 34. Rxh4 Qf7 35. Qg4+ Qg7 36. Bxf6 Qxg4 37. Rxg4+ Kf8 38. Rf4 Ke8 39. Bg6+
Kd7 40. Be5 Rc6 41. Bf5+ Ke7 42. g4 c3 43. Bc2 Ke6 44. Bd4 Rc7 45. g5 Bc6 46.
g6 Be8 47. g7 Bf7 48. Ke2 Bg8 49. Rf8 Bh7 50. Bxh7 1-0